Progressively Smaller European Cities - Statistics

General Stats
  • This quiz has been taken 3,193 times
  • The average score is 52 of 100
Answers on the Map
Answers color-coded by a green-red scale on the quiz's map according to % correct below.
 
Answer Stats
Country Population Answer % Correct
United Kingdom 8,776,535 London
100%
Russia 13,010,112 Moscow
100%
Ukraine 2,952,301 Kyiv
99%
Spain 3,422,416 Madrid
99%
Russia 5,601,911 Saint Petersburg
99%
Belarus 1,995,471 Minsk
98%
Spain 1,686,208 Barcelona
97%
Germany 1,808,846 Hamburg
96%
Romania 1,716,961 Bucharest
95%
Italy 1,349,930 Milan
93%
Denmark 1,378,649 Copenhagen
92%
United Kingdom 1,121,408 Birmingham
89%
Sweden 988,943 Stockholm
87%
Latvia 620,974 Riga
84%
Croatia 663,592 Zagreb
84%
France 877,215 Marseille
83%
Spain 824,340 Valencia
82%
United Kingdom 617,794 Glasgow
81%
Ukraine 1,421,125 Kharkiv
81%
Italy 635,439 Palermo
79%
Belgium 544,759 Antwerp
76%
Ukraine 717,273 Lviv
76%
France 520,774 Lyon
75%
Slovakia 478,040 Bratislava
74%
Poland 670,642 Łódź
71%
Estonia 437,817 Tallinn
71%
Switzerland 433,989 Zürich
71%
North Macedonia 422,540 Skopje
70%
Germany 598,246 Dortmund
68%
Ukraine 968,502 Dnipro
64%
Spain 438,234 Palma
63%
Ukraine 485,386 Sevastopol
63%
United Kingdom 348,546 Cardiff
62%
Russia 1,099,344 Krasnodar
60%
Greece 309,615 Thessaloníki
60%
Slovenia 284,293 Ljubljana
59%
Italy 390,518 Bologna
58%
Poland 538,439 Poznań
58%
Norway 291,940 Bergen
57%
Italy 316,212 Bari
55%
France 291,709 Strasbourg
55%
Austria 302,749 Graz
54%
France 325,070 Nantes
54%
Portugal 231,800 Porto
54%
The Netherlands 396,315 Utrecht
54%
France 265,328 Bordeaux
53%
Denmark 295,688 Aarhus
52%
Ireland 222,526 Cork
51%
Russia 270,384 Murmansk
49%
Lithuania 304,210 Kaunas
48%
Bulgaria 325,485 Plovdiv
48%
United Kingdom 218,420 Aberdeen
47%
United Kingdom 266,983 Plymouth
46%
Spain 324,902 Córdoba
44%
Belarus 501,802 Gomel
44%
Russia 301,199 Arkhangelsk
43%
Montenegro 173,024 Podgorica
42%
Germany 321,544 Bonn
41%
Finland 314,024 Espoo
40%
Russia 440,052 Kursk
40%
Czechia 282,450 Ostrava
40%
Iceland 135,714 Reykjavík
40%
Spain 295,523 Vigo
40%
Germany 261,178 Aachen
39%
Croatia 149,830 Split
39%
Slovakia 225,044 Košice
38%
Finland 215,543 Oulu
37%
Romania 263,688 Constanța
36%
Poland 241,189 Gdynia
35%
Greece 162,600 Heraklion
34%
Poland 291,688 Białystok
33%
Romania 271,692 Iași
33%
Italy 217,895 Messina
33%
Ukraine 340,540 Simferopol
33%
Belarus 358,717 Grodno
32%
Belgium 204,322 Charleroi
31%
United Kingdom 83,125 Derry
29%
France 87,339 Ajaccio
28%
Switzerland 144,160 Lausanne
28%
Serbia 178,976 Niš
28%
Bulgaria 188,114 Burgas
27%
Germany 240,078 Chemnitz
27%
Germany 218,200 Erfurt
26%
United Kingdom 149,056 Blackpool
25%
Lithuania 159,403 Klaipėda
25%
Moldova 133,807 Tiraspol
25%
Albania 113,249 Durrës
23%
France 178,478 Reims
23%
Spain 201,946 Almería
22%
Bosnia and Herzegovina 135,059 Banja Luka
21%
The Netherlands 218,130 Tilburg
20%
Spain 242,317 Elche
19%
Hungary 139,330 Pécs
17%
Italy 120,875 Sassari
16%
Romania 183,105 Oradea
15%
Italy 198,034 Prato
14%
Kosovo 147,428 Prizren
14%
Czechia 104,350 Liberec
13%
Hungary 147,533 Miskolc
13%
Belarus 172,150 Baranavichy
9%
No matching quizzes found
Score Distribution
Percent of People with Each Score
Percentile by Number Answered
Your Score History
You have not taken this quiz